000 00870nam a2200277Ia 4500
003 GCL
008 140319s9999 xx 000 0 ara d
040 _aGCL /
_cGCL
082 0 4 _a709.1
_bا ف
100 1 _aابوصالح الالفى
245 1 0 _aالفن الاسلامى : اصوله 0 فلسفته . مدارسه /
_cابوصالح الالفى
260 _a[S.N] :
_bالمطبعة العالمية ،
_c1966
300 _a269 ص
490 _aالهيئة العامة للاستعلامات
_v0
650 0 4 _aالعمارة الاسلامية
650 0 4 _aالفن
650 0 4 _aالنحت
650 0 4 _aالحضارة الاسلامية
650 0 4 _aالزخرفة
650 0 4 _aالتصوير
650 0 4 _aالحفر
650 0 4 _aالتجليد
650 0 4 _aالفن الاسلامى
650 0 4 _aالتذهيب
942 _2ddc
_cBK
999 _c49776
_d49776